[Event "Sao Paulo IT"]
[Site "Sao Paulo"]
[Date "1973.??.??"]
[Round "11"]
[White "Segal, Alexandru Sorin"]
[Black "Hug, Werner"]
[Result "0-1"]
[WhiteElo "2340"]
[BlackElo "2440"]
[PlyCount "72"]
[EventDate "1973.??.??"]
[EventType "tourn"]
[EventRounds "13"]
[EventCountry "BRA"]
[EventCategory "7"]
[Source "Fruth,M"]
[SourceDate "2003.05.15"]

1. d4 Nf6 2. c4 c5 3. d5 g6 4. Nc3 d6 5. e4 Bg7 6. Be2 O-O 7. f4 e6 8. Nf3 exd5
9. cxd5 b5 10. e5 dxe5 11. fxe5 Ng4 12. Bg5 Qb6 13. O-O Nd7 14. e6 fxe6 15.
dxe6 Qxe6 16. Nxb5 Qc6 17. Nd6 Rb8 18. Bc4+ Kh8 19. Nf7+ Rxf7 20. Bxf7 Rxb2 21.
Rc1 h6 22. h3 hxg5 23. hxg4 Bb7 24. Rc2 Nf8 25. Rxb2 Bxb2 26. Qd2 Bf6 27. Rc1
Kg7 28. Bc4 Nd7 29. Bf1 Ne5 30. Nxe5 Bxe5 31. Qxg5 Bd4+ 32. Kh1 Qe8 33. Qf4 Be5
34. Qc4 Bd4 35. Kh2 Qb8+ 36. g3 Bg1+ 0-1

[Event "Eerbeek"]
[Site "Eerbeek"]
[Date "1978.??.??"]
[Round "8"]
[White "Rogers, Ian"]
[Black "Trois, Francisco"]
[Result "1/2-1/2"]
[WhiteElo "2400"]
[BlackElo "2385"]
[PlyCount "113"]
[EventDate "1978.11.??"]
[EventType "tourn"]
[EventRounds "11"]
[EventCountry "NED"]
[EventCategory "6"]
[Source "Fruth,M"]
[SourceDate "2003.05.15"]

1. c4 Nf6 2. Nc3 g6 3. e4 d6 4. d4 Bg7 5. Be2 O-O 6. f4 c5 7. d5 e6 8. Nf3 exd5
9. cxd5 b5 10. Bxb5 Nxe4 11. Nxe4 Qa5+ 12. Kf2 Qxb5 13. Nxd6 Qb6 14. Nc4 Qa6
15. Nce5 Nd7 16. Be3 Nf6 17. Re1 Bb7 18. Bxc5 Rfc8 19. b4 Nxd5 20. Qb3 Qf6 21.
Rad1 Rd8 22. g3 h6 23. Rd4 Nc7 24. Red1 Rxd4 25. Rxd4 Bc8 26. Qa4 Bh3 27. Rd2
a6 28. Qc6 Qxc6 29. Nxc6 Nb5 30. Nfe5 Be6 31. Ke3 g5 32. h4 gxh4 33. gxh4 Re8
34. Ne7+ Kh7 35. N5c6 Nc3 36. Kf3 Bxa2 37. f5 Bf6 38. h5 Bb3 39. Rd7 Bd1+ 40.
Kg2 Bxh5 41. Ra7 Be2 42. Nc8 Rg8+ 43. Kh2 Bh5 44. Nd6 Bg5 45. Nxf7 Bf4+ 46. Kh3
Rg7 47. Nd6 Bg4+ 48. Kh4 Rxa7 49. Kxg4 Rc7 50. Kxf4 Rxc6 51. Ke5 Nb5 52. Kd5
Rc7 53. Ne8 Rf7 54. Ke5 Kg8 55. f6 h5 56. Bf2 Kf8 57. Ng7 1/2-1/2

[Event "ITA-ch 39"]
[Site "Venezia Lido"]
[Date "1979.??.??"]
[Round "14"]
[White "Vallifuoco, Giacomo"]
[Black "Bonfa, Ileano"]
[Result "0-1"]
[WhiteElo "2285"]
[BlackElo "2300"]
[PlyCount "64"]
[EventDate "1979.10.??"]
[EventType "tourn"]
[EventRounds "15"]
[EventCountry "ITA"]
[Source "Fruth,M"]
[SourceDate "2003.05.15"]

1. c4 Nf6 2. Nc3 g6 3. d4 c5 4. d5 d6 5. e4 Bg7 6. f4 O-O 7. Be2 b5 8. cxb5 a6
9. Nf3 axb5 10. Bxb5 Nxe4 11. Nxe4 Qa5+ 12. Nc3 Bxc3+ 13. bxc3 Qxb5 14. Kf2 Qc4
15. Qd2 Nd7 16. Re1 Nf6 17. Kg1 Nxd5 18. f5 Bxf5 19. a4 Qxc3 20. Qxd5 Qxa1 21.
Bh6 Qxa4 22. Rxe7 Be6 23. Qxd6 Qa1+ 24. Kf2 Qb2+ 25. Kg3 Rfd8 26. Qxc5 Ra2 27.
Rxe6 fxe6 28. Qe7 Qxg2+ 29. Kf4 Ra4+ 30. Ke3 Rd3+ 31. Kxd3 Qxf3+ 32. Be3 Qe4+
0-1

[Event "Reykjavik op"]
[Site "Reykjavik"]
[Date "1982.??.??"]
[Round "?"]
[White "Josteinsson, Leifur"]
[Black "Solmundarson, Magnus"]
[Result "1-0"]
[WhiteElo "2300"]
[BlackElo "2380"]
[PlyCount "83"]
[EventDate "1982.02.??"]
[EventType "swiss"]
[EventRounds "11"]
[EventCountry "ISL"]
[Source "Fruth,M"]
[SourceDate "2003.05.15"]

1. d4 Nf6 2. c4 g6 3. Nc3 Bg7 4. e4 O-O 5. f4 d6 6. Be2 c5 7. d5 e6 8. Nf3 exd5
9. cxd5 Re8 10. e5 dxe5 11. fxe5 Ng4 12. e6 fxe6 13. d6 Bd7 14. Ng5 Nf6 15. O-O
Nc6 16. Be3 Nd4 17. Bd3 Bc6 18. Qb1 Nf5 19. Bxc5 b6 20. Bxf5 exf5 21. Qd3 Nd5
22. Nxd5 Qxg5 23. Bf2 Rad8 24. Bg3 Re4 25. Nf4 Bd4+ 26. Kh1 Rxd6 27. Qc4+ Kg7
28. Rae1 Qf6 29. Rxe4 Bxe4 30. Nh5+ gxh5 31. Qc7+ Kg6 32. Bxd6 Qg5 33. Bg3 h4
34. Rd1 Bf6 35. Rd7 h3 36. Qc4 Bxg2+ 37. Kg1 Qe3+ 38. Bf2 Qe8 39. Qd3 Be4 40.
Qg3+ Bg5 41. Qd6+ Kh5 42. Rxh7+ 1-0

[Event "Poznan IT"]
[Site "Poznan"]
[Date "1984.??.??"]
[Round "10"]
[White "Kaposztas, Miklos"]
[Black "Nowak, Ignacy"]
[Result "1/2-1/2"]
[WhiteElo "2330"]
[BlackElo "2395"]
[PlyCount "29"]
[EventDate "1984.09.??"]
[EventType "tourn"]
[EventRounds "11"]
[EventCountry "POL"]
[EventCategory "6"]
[Source "Fruth,M"]
[SourceDate "2003.05.15"]

1. d4 Nf6 2. c4 g6 3. Nc3 Bg7 4. e4 d6 5. f4 O-O 6. Be2 c5 7. d5 e6 8. Nf3 exd5
9. exd5 Bf5 10. O-O Na6 11. Bd3 Qd7 12. a3 Nc7 13. Qc2 Bxd3 14. Qxd3 a6 15. a4
1/2-1/2

[Event "Nis IT"]
[Site "Nis"]
[Date "1985.??.??"]
[Round "10"]
[White "Rogers, Ian"]
[Black "Hulak, Krunoslav"]
[Result "0-1"]
[WhiteElo "2510"]
[BlackElo "2480"]
[PlyCount "98"]
[EventDate "1985.??.??"]
[EventType "tourn"]
[EventRounds "13"]
[EventCountry "YUG"]
[EventCategory "8"]
[Source "Fruth,M"]
[SourceDate "2003.05.15"]

1. d4 Nf6 2. c4 g6 3. Nc3 Bg7 4. e4 d6 5. Be2 O-O 6. f4 c5 7. d5 e6 8. Nf3 exd5
9. cxd5 Bg4 10. O-O Nbd7 11. Kh1 Re8 12. Nd2 Bxe2 13. Qxe2 a6 14. a4 Qc7 15. a5
Rab8 16. Ra3 h6 17. Nc4 b5 18. axb6 Nxb6 19. e5 Nxc4 20. Qxc4 dxe5 21. fxe5
Qxe5 22. Bf4 Rb4 23. Bxe5 Rxc4 24. Bxf6 Bxf6 25. h3 Bxc3 26. bxc3 Rd8 27. Rxa6
Rxd5 28. Ra7 Rf5 29. Rxf5 gxf5 30. Ra3 Kg7 31. Kg1 Kf6 32. Kf2 Kg5 33. Kf3 h5
34. Rb3 f4 35. Ra3 f5 36. Kf2 Kg6 37. Ke2 Re4+ 38. Kd2 Kg5 39. Ra5 Re5 40. Ra4
Re4 41. Ra5 Re5 42. Ra8 Kh4 43. Rg8 c4 44. Rc8 Re4 45. Rf8 Kg3 46. Rg8+ Kf2 47.
Rg5 h4 48. Kc2 Re2+ 49. Kd1 Re5 0-1

[Event "Groningen op"]
[Site "Groningen"]
[Date "1988.??.??"]
[Round "?"]
[White "Norwood, David"]
[Black "Martinovic, Slobodan"]
[Result "1/2-1/2"]
[WhiteElo "2460"]
[BlackElo "2460"]
[PlyCount "38"]
[EventDate "1988.??.??"]
[EventType "swiss"]
[EventRounds "9"]
[EventCountry "NED"]
[Source "Fruth,M"]
[SourceDate "2003.05.15"]

1. d4 Nf6 2. c4 g6 3. Nc3 Bg7 4. e4 d6 5. f4 O-O 6. Be2 c5 7. d5 e6 8. Nf3 exd5
9. cxd5 Bg4 10. O-O Bxf3 11. Bxf3 Nbd7 12. Re1 Ne8 13. Be3 a6 14. a4 Rb8 15. a5
Nc7 16. Qd3 Re8 17. Bf2 b5 18. axb6 Rxb6 19. Re2 Rb4 1/2-1/2

[Event "Thessaloniki olm"]
[Site "Thessaloniki"]
[Date "1988.??.??"]
[Round "11"]
[White "Dive, Russell John"]
[Black "Valiente, Cristobal"]
[Result "0-1"]
[WhiteElo "2265"]
[BlackElo "2310"]
[PlyCount "62"]
[EventDate "1988.??.??"]
[EventType "team"]
[EventRounds "14"]
[EventCountry "GRE"]
[Source "Fruth,M"]
[SourceDate "2003.05.15"]

1. d4 Nf6 2. c4 c5 3. d5 g6 4. Nc3 Bg7 5. e4 d6 6. f4 O-O 7. Be2 e6 8. Nf3 exd5
9. cxd5 Bg4 10. Nd2 Bxe2 11. Qxe2 Re8 12. O-O Na6 13. Re1 Nb4 14. Qd1 Nd3 15.
Rf1 Qd7 16. Qc2 Nxc1 17. Raxc1 Ng4 18. Nd1 b5 19. g3 Bd4+ 20. Kg2 f5 21. h3 Nf6
22. exf5 Qxf5 23. Nf3 Qxd5 24. Kh2 Re4 25. Nc3 Bxc3 26. bxc3 Rae8 27. Rf2 Re3
28. Ng5 Qd3 29. Qb3+ Qc4 30. Qa3 h6 31. Nf3 Rxf3 0-1

[Event "EU-ch TT"]
[Site "Haifa"]
[Date "1989.??.??"]
[Round "9"]
[White "Rechlis, Gad"]
[Black "Badea, Bela"]
[Result "0-1"]
[WhiteElo "2470"]
[BlackElo "2505"]
[PlyCount "82"]
[EventDate "1989.11.??"]
[EventType "team"]
[EventRounds "9"]
[EventCountry "ISR"]
[SourceDate "1999.07.01"]

1. d4 Nf6 2. c4 g6 3. Nc3 Bg7 4. e4 d6 5. f4 c5 6. d5 O-O 7. Be2 e6 8. Nf3 exd5
9. cxd5 Re8 10. e5 dxe5 11. fxe5 Ng4 12. Bg5 Qb6 13. O-O Nxe5 14. d6 Qxb2 15.
Nd5 Bf5 16. Ne7+ Rxe7 17. dxe7 Nbc6 18. Qe1 h6 19. Bh4 g5 20. Bg3 Qxa1 21. Qxa1
Nxf3+ 22. Bxf3 Bxa1 23. Rxa1 Nxe7 24. Bxb7 Rd8 25. Rc1 Be6 26. a4 Rd7 27. Ba6
Nf5 28. Bb8 Rd8 29. Bc7 Rd4 30. a5 c4 31. Be5 Rd5 32. Bc3 Rd7 33. Rb1 Nd6 34.
Be5 Ne4 35. Bc8 Rd5 36. Bxe6 fxe6 37. Bb8 Rxa5 38. Re1 c3 39. Rc1 Ra2 40. Be5
c2 41. Bd4 Nd2 0-1

[Event "Mar del Plata op"]
[Site "Mar del Plata"]
[Date "1992.??.??"]
[Round "3"]
[White "Olivares, Daniel"]
[Black "Giaccio, Alfredo Gustavo"]
[Result "0-1"]
[WhiteElo "2280"]
[BlackElo "2370"]
[PlyCount "82"]
[EventDate "1992.??.??"]
[EventType "swiss"]
[EventRounds "9"]
[EventCountry "ARG"]
[Source "Fruth,M"]
[SourceDate "2003.05.15"]

1. d4 c5 2. d5 Nf6 3. c4 g6 4. Nc3 Bg7 5. e4 d6 6. f4 O-O 7. Be2 e6 8. Nf3 exd5
9. exd5 Bf5 10. O-O Ne4 11. Nxe4 Bxe4 12. Ng5 Re8 13. Nxe4 Rxe4 14. Bd3 Re8 15.
Rb1 Nd7 16. Bd2 Bd4+ 17. Kh1 Qf6 18. Qc2 Re7 19. f5 g5 20. Qc1 h6 21. g3 Rae8
22. Qc2 b6 23. b3 Qg7 24. Rbe1 Ne5 25. Be2 Qf6 26. Kg2 Kg7 27. h3 a6 28. Qc1 a5
29. a4 Rh8 30. h4 gxh4 31. g4 Kf8 32. Kh3 Nd7 33. Bf3 Ke8 34. Rxe7+ Qxe7 35.
Bxh6 Ne5 36. Bg5 f6 37. Bxh4 Qh7 38. Qe1 Kf7 39. Bg2 Kf8 40. Qg3 Nd3 41. Bf3
Be5 0-1

[Event "Ekblom mem 199699 corr T"]
[Site "corr"]
[Date "1996.??.??"]
[Round "?"]
[White "Juntunen, Jaakko"]
[Black "Lyly, Seppo"]
[Result "1-0"]
[WhiteElo "2390"]
[BlackElo "2390"]
[PlyCount "61"]
[EventDate "1996.??.??"]
[EventType "tourn (corr)"]
[EventRounds "15"]
[EventCountry "SWE"]
[EventCategory "6"]
[Source "Fruth,M"]
[SourceDate "2003.05.15"]

1. d4 Nf6 2. c4 g6 3. Nc3 Bg7 4. e4 d6 5. f4 O-O 6. Be2 c5 7. d5 e6 8. Nf3 exd5
9. cxd5 Re8 10. O-O Nxe4 11. Nxe4 Rxe4 12. Bd3 Re8 13. f5 Bxf5 14. Bxf5 gxf5
15. Qd3 Nd7 16. Qxf5 Nf6 17. Nh4 Qc7 18. Qf3 Re5 19. Nf5 Ne8 20. Bd2 Rxf5 21.
Qxf5 Bxb2 22. Rae1 Ng7 23. Qg4 Kh8 24. Bg5 f5 25. Qh4 Bd4+ 26. Kh1 Rf8 27. Re7
Qa5 28. Qh6 Be5 29. Bf4 Qb5 30. Re1 Qb4 31. R1xe5 1-0

[Event "HUN-ch TT 3 199899"]
[Site "Hungary"]
[Date "1999.02.14"]
[Round "7"]
[White "Kohalmi, Endre"]
[Black "Horvath, Tamas"]
[Result "0-1"]
[WhiteElo "2260"]
[BlackElo "2285"]
[PlyCount "96"]
[EventDate "1998.09.??"]
[EventType "team"]
[EventRounds "11"]
[EventCountry "HUN"]
[Source "Fruth,M"]
[SourceDate "2003.05.15"]

1. d4 Nf6 2. c4 c5 3. d5 g6 4. Nc3 d6 5. e4 Bg7 6. Be2 O-O 7. f4 e6 8. Nf3 exd5
9. exd5 Re8 10. O-O Ng4 11. Qc2 Nd7 12. h3 Ne3 13. Bxe3 Rxe3 14. Nd1 Re8 15.
Nf2 f5 16. Bd3 Nf6 17. Rae1 Nh5 18. Rxe8+ Qxe8 19. Re1 Qf8 20. Qd2 Bd7 21. Kh2
Qf6 22. b3 h6 23. Re3 Nxf4 24. Qe1 Kf7 25. g3 Nxd3 26. Nxd3 g5 27. Nxc5 Rd8 28.
Nxb7 Rc8 29. Re2 Kg8 30. Na5 g4 31. hxg4 f4 32. gxf4 Bxg4 33. Qg3 h5 34. Rf2
Re8 35. Nh4 Re1 36. Nc6 Qa1 37. Qg2 Bf6 38. Nf5 Kh8 39. Nh6 Bh4 40. Nxg4 hxg4
41. Re2 g3+ 42. Kh3 Rh1+ 43. Kg4 Qg7+ 44. Kf3 Rh2 45. Qf1 Qc3+ 46. Ke4 Rf2 47.
Rxf2 gxf2 48. Qh3 Qxh3 0-1

[Event "W-ch 25 sfin20"]
[Site "e-mail"]
[Date "2001.08.01"]
[Round "?"]
[White "Armani, Giuseppe"]
[Black "Kukk, Raul"]
[Result "1/2-1/2"]
[WhiteElo "2393"]
[BlackElo "2498"]
[PlyCount "57"]
[EventDate "2001.??.??"]
[EventType "tourn (corr)"]
[EventRounds "11"]
[EventCategory "6"]
[Source "Fruth,M"]
[SourceDate "2003.05.15"]

1. d4 Nf6 2. c4 c5 3. d5 d6 4. Nc3 g6 5. e4 Bg7 6. f4 O-O 7. Be2 e6 8. Nf3 exd5
9. cxd5 Re8 10. Nd2 Na6 11. O-O Nc7 12. a4 Rb8 13. Re1 b6 14. Bf3 Ba6 15. Ndb1
Nd7 16. Na3 c4 17. Ncb5 Bxb5 18. axb5 c3 19. Ra2 f5 20. e5 dxe5 21. d6 Ne6 22.
Bd5 e4 23. bxc3 Bxc3 24. Re3 Qf6 25. Nc2 Ndc5 26. Ra3 Ba5 27. Ra2 Bc3 28. Ra3
Ba5 29. Ra2 1/2-1/2

[Event "W-ch 25 sfin20"]
[Site "e-mail"]
[Date "2001.08.01"]
[Round "?"]
[White "Armani, Giuseppe"]
[Black "Melson, Gerhard"]
[Result "0-1"]
[WhiteElo "2393"]
[BlackElo "2381"]
[PlyCount "98"]
[EventDate "2001.??.??"]
[EventType "tourn (corr)"]
[EventRounds "11"]
[EventCategory "6"]
[Source "Fruth,M"]
[SourceDate "2003.05.15"]

1. d4 Nf6 2. c4 g6 3. Nc3 Bg7 4. e4 d6 5. f4 c5 6. d5 O-O 7. Be2 e6 8. Nf3 exd5
9. cxd5 Re8 10. Nd2 Na6 11. O-O Nc7 12. a4 b6 13. Kh1 Rb8 14. Re1 a6 15. Bf3 b5
16. axb5 Nxb5 17. Nxb5 axb5 18. e5 dxe5 19. fxe5 Nxd5 20. Ne4 Nb4 21. Qxd8 Rxd8
22. Bg5 Re8 23. Re2 Nd3 24. Nf6+ Bxf6 25. exf6 Bf5 26. Re7 Be6 27. Bh4 Nxb2 28.
Bg3 Rbc8 29. Bb7 Rcd8 30. Bc7 b4 31. Bc6 Rf8 32. Bxd8 Rxd8 33. Kg1 Nd3 34. Rc7
c4 35. Bb5 Nb2 36. Bd7 Bxd7 37. Rxd7 Rf8 38. Rb7 Nd3 39. Rc7 c3 40. Rd1 Nf4 41.
g3 b3 42. gxf4 c2 43. Rf1 h6 44. Kf2 Rb8 45. Ke3 b2 46. Rxc2 b1=Q 47. Rxb1 Rxb1
48. Rc8+ Kh7 49. Rf8 Rb3+ 0-1

[Event "Dos Hermanas IM IT"]
[Site "Dos Hermanas"]
[Date "2001.04.23"]
[Round "5"]
[White "Calvo, Jesus Maria"]
[Black "Barrero Garcia, Carlos"]
[Result "1/2-1/2"]
[WhiteElo "2272"]
[BlackElo "2319"]
[PlyCount "85"]
[EventDate "2001.04.19"]
[EventType "tourn"]
[EventRounds "9"]
[EventCountry "ESP"]
[EventCategory "4"]
[Source "Fruth,M"]
[SourceDate "2003.05.15"]

1. d4 Nf6 2. c4 g6 3. Nc3 Bg7 4. e4 d6 5. f4 O-O 6. Be2 c5 7. d5 b5 8. cxb5 a6
9. bxa6 Bxa6 10. Nf3 Nbd7 11. Bxa6 Rxa6 12. Qe2 Qa8 13. O-O Nb6 14. Rd1 Rd8 15.
Bd2 c4 16. Be3 Na4 17. Bd4 Nh5 18. Bxg7 Kxg7 19. g3 Qa7+ 20. Kg2 Nf6 21. e5 Nd7
22. Nd4 Nxc3 23. bxc3 Ra8 24. e6 Nc5 25. exf7 Kxf7 26. Rd2 Nb3 27. Qe6+ Kg7 28.
Nc6 Qb7 29. axb3 Rxa1 30. bxc4 R8a2 31. Rxa2 Rxa2+ 32. Kh3 Ra8 33. f5 Rf8 34.
g4 gxf5 35. g5 Kh8 36. Nxe7 Qb1 37. Qxd6 Qd3+ 38. Qg3 Qf1+ 39. Qg2 Qxc4 40. Qf3
f4 41. Kh4 Qc5 42. Nc6 Qg1 43. Qe2 1/2-1/2

[Event "Asuncion IT 1"]
[Site "Asuncion"]
[Date "2002.??.??"]
[Round "2"]
[White "Gamarra Caceres, Carlos"]
[Black "Crosa Coll, Martin"]
[Result "0-1"]
[WhiteElo "2275"]
[BlackElo "2380"]
[PlyCount "118"]
[EventDate "2002.04.??"]
[EventType "tourn"]
[EventRounds "11"]
[EventCountry "PAR"]
[EventCategory "4"]
[Source "Fruth,M"]
[SourceDate "2003.05.15"]

1. d4 Nf6 2. c4 g6 3. Nc3 Bg7 4. e4 d6 5. f4 c5 6. d5 O-O 7. Be2 e6 8. Nf3 exd5
9. cxd5 Re8 10. e5 dxe5 11. fxe5 Ng4 12. Bg5 Qb6 13. O-O Nxe5 14. Nxe5 Rxe5 15.
Qd2 Bd7 16. d6 c4+ 17. Kh1 Qc5 18. Bf4 Re6 19. Rad1 Bxc3 20. bxc3 Bc6 21. Bg3
Nd7 22. Bf2 Qd5 23. Qxd5 Bxd5 24. Bg4 f5 25. Bxf5 Bxg2+ 26. Kxg2 gxf5 27. Bg3
Re2+ 28. Kf3 Rae8 29. Bf4 Rc2 30. Rc1 Rxa2 31. Rce1 Re4 32. Rxe4 fxe4+ 33. Kxe4
Re2+ 34. Kd4 b5 35. Kd5 Kf7 36. Kc6 Ke6 37. Kxb5 Re4 38. Bg3 h5 39. Kc6 a5 40.
Ra1 h4 41. Bf2 Ne5+ 42. Kc7 Rf4 43. Bd4 Rf7+ 44. Kb6 Kxd6 45. Bc5+ Kd5 46. Bd4
Nf3 47. Rxa5+ Ke4 48. Rh5 Nxd4 49. Rxh4+ Kd3 50. Rxd4+ Kxc3 51. Rg4 Rf5 52. Kc6
Kb3 53. Rg8 c3 54. Rb8+ Ka2 55. Ra8+ Kb2 56. Rb8+ Kc1 57. Kd6 c2 58. Ke6 Rc5
59. Rg8 Kb2 0-1

[Event "Vrnjacka Banja"]
[Site "Vrnjacka Banja"]
[Date "1989.??.??"]
[Round "?"]
[White "Skembris, Spyridon"]
[Black "Vuruna, Miodrag"]
[Result "1-0"]
[WhiteElo "2455"]
[BlackElo "2310"]
[PlyCount "85"]
[EventDate "1989.04.??"]
[EventType "tourn"]
[EventRounds "15"]
[EventCountry "YUG"]
[EventCategory "7"]
[Source "ChessBase"]
[SourceDate "2004.01.01"]

1. d4 Nf6 2. c4 g6 3. Nc3 Bg7 4. e4 d6 5. f4 O-O 6. Be2 c5 7. d5 e6 8. Nf3 exd5
9. cxd5 b5 10. e5 Ng4 11. h3 Nh6 12. Bxb5 Nf5 13. O-O Qb6 14. Bc4 Ba6 15. b3
Nd7 16. Na4 Qb7 17. Bxa6 Qxa6 18. Re1 Nb6 19. Nxb6 Qxb6 20. Kh2 Rac8 21. Qe2
Rfe8 22. Bb2 Bh6 23. Qc4 Nd4 24. Kg3 Nf5+ 25. Kf2 a5 26. g4 Nd4 27. g5 Bg7 28.
Rac1 Nf5 29. Rc2 Ra8 30. Re4 a4 31. bxa4 Reb8 32. Rce2 Qd8 33. Bc3 h5 34. gxh6
Bxh6 35. e6 Ra7 36. a5 fxe6 37. Rxe6 Kh7 38. Qa4 Qg8 39. Re8 Rxe8 40. Rxe8 Bf8
41. Ng5+ Kh6 42. Ne6 Rf7 43. Qd1 1-0